Fathehpur sikri : (Record no. 136352)

MARC details
000 -LEADER
fixed length control field 00723nam a22002297a 4500
005 - DATE AND TIME OF LATEST TRANSACTION
control field 20170124110258.0
010 ## - LIBRARY OF CONGRESS CONTROL NUMBER
LC control number B-059907
020 ## - INTERNATIONAL STANDARD BOOK NUMBER
Terms of availability 00.00
International Standard Book Number 812250213
035 ## - SYSTEM CONTROL NUMBER
System control number B-059907
037 ## - SOURCE OF ACQUISITION
Source of stock number/acquisition Cen Lib/Ret
040 ## - CATALOGING SOURCE
Original cataloging agency DPL
Language of cataloging EN
082 ## - DEWEY DECIMAL CLASSIFICATION NUMBER
Classification number 954.022
Item number GOE
100 ## - MAIN ENTRY--PERSONAL NAME
Personal name Goel, Vikram Chandra
9 (RLIN) 142422
245 ## - TITLE STATEMENT
Title Fathehpur sikri :
Statement of responsibility, etc by Vikram Chanda Goel
Remainder of title the city of victory and harmony /
246 ## - VARYING FORM OF TITLE
Remainder of title
260 ## - PUBLICATION, DISTRIBUTION, ETC. (IMPRINT)
Place of publication, distribution, etc New Delhi
Name of publisher, distributor, etc Kitab Mahal
Date of publication, distribution, etc 2000
270 ## - ADDRESS
City New Delhi
Address 28, Netaji Subhash Marg
Postal code 110002
300 ## - PHYSICAL DESCRIPTION
Extent 96p. :
Dimensions 32cm(Hb)
Other physical details ill.
Accompanying material
650 ## - SUBJECT ADDED ENTRY--TOPICAL TERM
Topical term or geographic name as entry element Mughal architecture -- Fatehpur-sikri
9 (RLIN) 94616
650 ## - SUBJECT ADDED ENTRY--TOPICAL TERM
Topical term or geographic name as entry element Medival Indan architecture
9 (RLIN) 94617
942 ## - ADDED ENTRY ELEMENTS (KOHA)
Source of classification or shelving scheme Dewey Decimal Classification
Koha item type English Books
Classification part 954.022
Call number suffix GOE
Holdings
Withdrawn status Lost status Damaged status Not for loan Collection code Home library Current library Date acquired Source of acquisition Total Checkouts Full call number Barcode Date last seen Copy number Price effective from Koha item type
      Not For Loan Reference Central Library Central Library 29/03/2016 Cen Lib/Ref   954.022 GOE B-059907 29/03/2016 1 29/03/2016 English Books

© Delhi Public Library
Hit Counter
free hit counter